Living the body : (Record no. 28935)
[ view plain ]
| 000 -LEADER | |
|---|---|
| fixed length control field | 02697nam a2200397 a 4500 |
| 005 - DATE AND TIME OF LATEST TRANSACTION | |
| control field | 20090806102417.0 |
| 008 - FIXED-LENGTH DATA ELEMENTS--GENERAL INFORMATION | |
| fixed length control field | 080912s2009 ii b 001 0 eng |
| 010 ## - LCCN (DPL NO) | |
| LC control number | ENG-94074 |
| 020 ## - INTERNATIONAL STANDARD BOOK NUMBER | |
| International Standard Book Number | 9788178299013 |
| Terms of availability | 550.00 |
| 035 ## - SYSTEM CONTROL NUMBER | |
| System control number | EN-77607 |
| 035 ## - SYSTEM CONTROL NUMBER | |
| System control number | B-361392-397 |
| 037 ## - SOURCE OF ACQUISITION | |
| Source of stock number/acquisition | DBAD / PUB |
| 037 ## - SOURCE OF ACQUISITION | |
| Source of stock number/acquisition | Aakar Books |
| 040 ## - CATALOGING SOURCE | |
| Original cataloging agency | dpl |
| Language of cataloging | English |
| 082 ## - DEWEY DECIMAL CLASSIFICATION NUMBER | |
| Classification number | 306.4 |
| 100 ## - MAIN ENTRY--PERSONAL NAME | |
| Personal name | Thapan, Meenakshi |
| 245 ## - TITLE STATEMENT | |
| Title | Living the body : |
| Remainder of title | embodiment, womanhood and identity in contemporary India / |
| Statement of responsibility, etc | by Meenakshi Thapan. |
| 260 ## - PUBLICATION, DISTRIBUTION, ETC. (IMPRINT) | |
| Place of publication, distribution, etc | New Delhi |
| Name of publisher, distributor, etc | Sage Publications |
| Date of publication, distribution, etc | 2009 |
| 270 ## - ADDRESS | |
| Address | B1/I-1, Mohan Cooperative Industrial Area, Mathura Road, |
| City | New Delhi |
| Postal code | 110044 |
| 300 ## - PHYSICAL DESCRIPTION | |
| Extent | xxi, 190 p. ; |
| Dimensions | 23cm(Hb) |
| 500 ## - GENERAL NOTE | |
| General note | Includes bibliographical references and index |
| 505 ## - FORMATTED CONTENTS NOTE | |
| Formatted contents note | Introduction: An engagement with the sociology of embodiment -- Embodiment, identity and womanhood -- Cultures of adolescence -- Embodiment and womanhood in Femina -- The body in the mirror : embodiment, violence and identity -- The body as a weapon : emb |
| 650 ## - SUBJECT ADDED ENTRY--TOPICAL TERM | |
| Topical term or geographic name as entry element | Gender identity |
| Geographic subdivision | India. |
| 650 ## - SUBJECT ADDED ENTRY--TOPICAL TERM | |
| Topical term or geographic name as entry element | Human body |
| General subdivision | Social aspects |
| Geographic subdivision | India. |
| 650 ## - SUBJECT ADDED ENTRY--TOPICAL TERM | |
| Topical term or geographic name as entry element | Sex role |
| Geographic subdivision | India. |
| 650 ## - SUBJECT ADDED ENTRY--TOPICAL TERM | |
| Topical term or geographic name as entry element | Women |
| Geographic subdivision | India |
| General subdivision | History. |
| 942 ## - ADDED ENTRY ELEMENTS (KOHA) | |
| Source of classification or shelving scheme | Dewey Decimal Classification |
| Item type | English Books |
| Classification part | 306.4 |
| Call number suffix | THA |
| Withdrawn status | Lost status | Source of classification or shelving scheme | Damaged status | Not for loan | Collection code | Home library | Current library | Date acquired | Source of acquisition | Cost, normal purchase price | Total Checkouts | Full call number | Barcode | Date last seen | Copy number | Cost, replacement price | Koha item type | Total Renewals |
|---|---|---|---|---|---|---|---|---|---|---|---|---|---|---|---|---|---|---|
| Dewey Decimal Classification | Non-fiction | Central Library | Central Library | 08/04/2010 | Aakar Books/I-762/29.10.09/140/16.10.09/29.10.09 | 550.00 | 306.4 THA | B-361392 | 08/04/2010 | 1 | 550.00 | English Books | ||||||
| Dewey Decimal Classification | Not For Loan | Non-fiction | D.B.Act.Division | D.B.Act.Division | 06/08/2009 | DBAD / PUB | 550.00 | 306.4 THA | EN-77607 | 06/08/2009 | 1 | 550.00 | English Books | |||||
| Dewey Decimal Classification | Non-fiction | Janak Puri | Janak Puri | 08/04/2010 | Aakar Books/I-762/29.10.09/140/16.10.09/29.10.09 | 550.00 | 1 | 306.4 THA | B-361394 | 12/04/2014 | 1 | 550.00 | English Books | |||||
| Dewey Decimal Classification | Non-fiction | Karol Bagh | Karol Bagh | 08/04/2010 | Aakar Books/I-762/29.10.09/140/16.10.09/29.10.09 | 550.00 | 306.4 THA | B-361396 | 08/04/2010 | 1 | 550.00 | English Books | ||||||
| Dewey Decimal Classification | Non-fiction | Patel Nagar | Patel Nagar | 08/04/2010 | Aakar Books/I-762/29.10.09/140/16.10.09/29.10.09 | 550.00 | 2 | 306.4 THA | B-361393 | 06/07/2022 | 1 | 550.00 | English Books | 3 | ||||
| Written-off vide DLB M. No. 383 dt 16.05.19 | Dewey Decimal Classification | Non-fiction | Shahdara Branch | Shahdara Branch | 08/04/2010 | Aakar Books/I-762/29.10.09/140/16.10.09/29.10.09 | 550.00 | 306.4 THA | B-361397 | 08/04/2010 | 1 | 550.00 | English Books | |||||
| Dewey Decimal Classification | Non-fiction | Vinoba Puri | Vinoba Puri | 08/04/2010 | Aakar Books/I-762/29.10.09/140/16.10.09/29.10.09 | 550.00 | 6 | 306.4 THA | B-361395 | 30/05/2023 | 1 | 550.00 | English Books | 2 |
